000 00447nam a2200169 i 4500
001 34441
003 ES-MaACL
005 20230906154931.0
007 t|
008 030207s1968 sp ||||1| spa d
100 1 _aBonet, Juan (
_d1918-1991)
_9147348
245 1 3 _aEl zoo cotidiano /
_cJuan Bonet.
250 _a[1ª ed.].
260 _aBarcelona :
_bDima,
_c1968.
300 _a134 p., 4 lám. ;
_c22 cm.
852 _aES-MaACL
_jB-8713
_bR.66183
999 _c34441
_d34441